| 000 | 00858nmc a2200313 a 4500 | ||
|---|---|---|---|
| 003 | AR-BaBNM | ||
| 005 | 20251128211533.0 | ||
| 008 | 154120s2003 ||||||||||||||000 | spa|| | ||
| 020 | _a987-538-073-3 | ||
| 040 | _cAR-BaBNM | ||
| 100 | 1 | _aSantiago, Gustavo | |
| 245 | 1 | 0 | _aEn la tierra de los dinosaurios |
| 250 | _a1ª ed. | ||
| 260 |
_aBuenos Aires _bEdiciones Novedades Educativas _c2003 |
||
| 300 | _a85 p. | ||
| 490 | 0 | _aFilosofía y escuela. Textos de filosofía para niños | |
| 650 | 4 | _aENSENANZA DE LA FILOSOFIA | |
| 650 | 4 | _aDIALOGO | |
| 650 | 4 | _aPENSAMIENTO CRITICO | |
| 650 | 4 | _aPROCESO DEL PENSAMIENTO | |
| 650 | 4 | _aETICA | |
| 653 | _aFILOSOFIA PARA NINOS | ||
| 653 | _aEDUCACION INICIAL | ||
| 653 | _aPRIMER CICLO DE LA EGB | ||
| 800 | 1 | _aKohan, Walter O. | |
| 800 | 1 | _aWaksman, Vera | |
| 942 | _cBK | ||
| 998 | _craquel | ||
| 999 |
_c20087 _d20087 |
||